Score 0/20 Timer 03:00
1 Play Today
Clue 3-Letter Answer % Correct
• One of two settings for a light switch •• OFF •
98.6%
• Frozen water •• ICE •
98%
Common command for a dogSIT
94.9%
To find the sum of two numbersADD
94.1%
Formal title for a knightSIR
93.9%
Provide support or helpAID
92.6%
Mediterranean or Caribbean, for exampleSEA
92.5%
Division of a tennis matchSET
92.4%
Mixture of gases in our atmosphereAIR
91.3%
Intense angerIRE
91%
Clue 3-Letter Answer % Correct
Valuable mineral depositORE
91%
Frequently (as in ___-repeated)OFT
90.7%
• Luxurious resort •• SPA •
88.9%
Suffix for a style of refreshing beverageADE
87.3%
• Serve with no return in tennis •• ACE •
86.4%
A style of beer, known for being hoppyIPA
84.9%
Morsel of food left after a mealORT
84.1%
Common interjection for something distastefulICK
83.7%
One of the Gershwin brothersIRA
82.7%
To irritate or annoyIRK
81.8%

Today's Daily Dose

Remove Ads.
Support Sporcle.
Get the best of Sporcle when you Go Orange. This ad-free experience offers more features, more stats, and more fun while also helping to support Sporcle. Thank you for becoming a member.

You're not logged in!

Compare scores with friends on all Sporcle quizzes.
OR
Log In

Show Comments

Extras

Top Quizzes Today


Score Distribution

Your Account Isn't Verified!

In order to create a playlist on Sporcle, you need to verify the email address you used during registration. Go to your Sporcle Settings to finish the process.

Report this User

Report this user for behavior that violates our Community Guidelines.

Details: